[Event "Open Marianske Lazne 2018 - C"]
[Site "Marianske Lazne (CZE)"]
[Date "2018.01.20"]
[Round "1"]
[White "Von Keyserlingk, Chanda"]
[Black "Kolbus, Dietmar"]
[Result "0-1"]
[WhiteElo "1753"]
[BlackElo "2322"]
[PlyCount "44"]
[EventDate "2018.01.20"]

1. d4 Nf6 2. c4 g6 3. f3 d5 4. cxd5 Nxd5 5. e4 Nb6 6. Nc3 Bg7 7. Be3 e5 8. d5
O-O 9. Qc2 c6 10. O-O-O cxd5 11. Nxd5 Nxd5 12. Rxd5 Qe7 13. Kb1 b6 14. h4 Be6
15. Rd3 Na6 16. a3 Rac8 17. Rc3 Rxc3 18. Qxc3 Rc8 19. Qd2 Nc5 20. Bxc5 Qxc5 21.
g4 Bf6 22. g5 Rd8 0-1

[Event "Open Marianske Lazne 2018 - C"]
[Site "Marianske Lazne (CZE)"]
[Date "2018.01.20"]
[Round "1"]
[White "Dambrauskas, Virginijus"]
[Black "Streit, Roland"]
[Result "1-0"]
[WhiteElo "2315"]
[BlackElo "1741"]
[PlyCount "61"]
[EventDate "2018.01.20"]

1. d4 Nf6 2. c4 g6 3. Nc3 Bg7 4. e4 d6 5. Be2 O-O 6. g4 c5 7. g5 Ne8 8. d5 f6
9. Be3 fxg5 10. Bxg5 Rf7 11. Qd2 Qa5 12. h4 h5 13. f4 Bd4 14. f5 Nf6 15. fxg6
Rf8 16. Bh6 Ng4 17. Bxf8 Kxf8 18. Bxg4 Bxg4 19. Nge2 Bxe2 20. Nxe2 Qxd2+ 21.
Kxd2 Be5 22. Raf1+ Kg7 23. Rf7+ Kxg6 24. Rxe7 Na6 25. Rg1+ Kh6 26. Re6+ Kh7 27.
Rg5 Rf8 28. Rxh5+ Kg7 29. Rf5 Rh8 30. Re7+ Kg6 31. h5+ 1-0

[Event "Open Marianske Lazne 2018 - C"]
[Site "Marianske Lazne (CZE)"]
[Date "2018.01.20"]
[Round "1"]
[White "Neckar, Lubomir"]
[Black "Pawlak, Wojciech Zbigniew"]
[Result "1-0"]
[WhiteElo "2293"]
[BlackElo "1694"]
[PlyCount "41"]
[EventDate "2018.01.20"]

1. Nf3 Nf6 2. g3 d5 3. Bg2 g6 4. c4 Bg7 5. cxd5 Nxd5 6. d4 O-O 7. O-O Bg4 8. h3
Bf5 9. Qb3 Nb6 10. Nc3 Qc8 11. Kh2 c6 12. e4 Be6 13. d5 cxd5 14. exd5 Bf5 15.
Re1 Qc5 16. Be3 Qd6 17. Nd4 Bd3 18. Ncb5 Bxb5 19. Nxb5 Qd7 20. Rac1 Na6 21.
Nxa7 1-0

[Event "Open Marianske Lazne 2018 - C"]
[Site "Marianske Lazne (CZE)"]
[Date "2018.01.20"]
[Round "1"]
[White "Wolaniecki, Patryk"]
[Black "Certek, Pavel"]
[Result "0-1"]
[WhiteElo "1687"]
[BlackElo "2286"]
[PlyCount "56"]
[EventDate "2018.01.20"]

1. e4 c5 2. Nf3 Nc6 3. d4 cxd4 4. Nxd4 g6 5. Be3 Nf6 6. Nc3 Bg7 7. Be2 O-O 8.
O-O d5 9. exd5 Nb4 10. d6 Qxd6 11. Ncb5 Qb8 12. c4 e5 13. Nf3 Bf5 14. Bc5 Rd8
15. Qb3 Nd3 16. Bd6 Rxd6 17. Nxd6 Qxd6 18. Bxd3 Bxd3 19. Rfd1 e4 20. Ng5 Ng4
21. g3 Qf6 22. Nh3 Qxb2 23. Qxb2 Bxb2 24. Rab1 Bxb1 25. Rxb1 Bd4 26. Rxb7 Re8
27. Rd7 Bb6 28. Rd5 e3 0-1

[Event "Open Marianske Lazne 2018 - C"]
[Site "Marianske Lazne (CZE)"]
[Date "2018.01.20"]
[Round "1"]
[White "Domanski, Lukasz"]
[Black "Koci, Vladimir"]
[Result "1-0"]
[WhiteElo "2121"]
[BlackElo "1644"]
[PlyCount "39"]
[EventDate "2018.01.20"]

1. e4 e6 2. d4 d5 3. exd5 exd5 4. Nf3 Bg4 5. h3 Bxf3 6. Qxf3 Nf6 7. Bd3 Nc6 8.
c3 Qe7+ 9. Be3 g6 10. Nd2 Bg7 11. O-O O-O 12. Bg5 Qd6 13. Rfe1 Rae8 14. b4
Rxe1+ 15. Rxe1 Re8 16. Rxe8+ Nxe8 17. Nb3 b6 18. Bb5 Qe6 19. Qe3 Kf8 20. Qxe6
1-0

[Event "Open Marianske Lazne 2018 - C"]
[Site "Marianske Lazne (CZE)"]
[Date "2018.01.20"]
[Round "1"]
[White "Laszczak, Przemyslaw"]
[Black "Vicze, Kata"]
[Result "1-0"]
[WhiteElo "2100"]
[BlackElo "1618"]
[PlyCount "35"]
[EventDate "2018.01.20"]

1. d4 d5 2. Nf3 Nf6 3. e3 c6 4. Bd3 e6 5. b3 Nbd7 6. Bb2 Bd6 7. Ne5 O-O 8. O-O
Qc7 9. f4 b6 10. Nd2 Bb7 11. Rf3 c5 12. Rh3 g6 13. g4 Bxe5 14. dxe5 c4 15. exf6
cxd3 16. Qe1 Rfd8 17. Rxh7 Nf8 18. Rg7+ 1-0

[Event "Open Marianske Lazne 2018 - C"]
[Site "Marianske Lazne (CZE)"]
[Date "2018.01.20"]
[Round "1"]
[White "Hopfgartner, Heinz"]
[Black "Kacr, Zbynek"]
[Result "1-0"]
[WhiteElo "2082"]
[BlackElo "1613"]
[PlyCount "77"]
[EventDate "2018.01.20"]

1. d4 Nf6 2. c4 g6 3. g3 d5 4. Bg2 Bg7 5. Nf3 O-O 6. O-O c6 7. cxd5 cxd5 8. Nc3
Nc6 9. e3 Bg4 10. h3 Bf5 11. b3 Rc8 12. Bb2 Ne4 13. Nxe4 Bxe4 14. Qd2 Qd7 15.
Rfc1 Rfd8 16. Kh2 e6 17. Ne1 Bxg2 18. Kxg2 Rc7 19. Nd3 b6 20. Ba3 Rdc8 21. Rc2
e5 22. dxe5 Nxe5 23. Rac1 Rxc2 24. Rxc2 Rxc2 25. Qxc2 Qf5 26. Ne1 Qd7 27. Bb2
Nc6 28. Bxg7 Kxg7 29. Nf3 Qd6 30. Qc3+ f6 31. a3 a6 32. Qd3 a5 33. Qb5 Nd8 34.
Nd4 Kf7 35. Qa6 Kg8 36. Qc8 Kf7 37. b4 axb4 38. axb4 Ke7 39. b5 1-0

[Event "Open Marianske Lazne 2018 - C"]
[Site "Marianske Lazne (CZE)"]
[Date "2018.01.20"]
[Round "1"]
[White "Cwiek, Mariusz"]
[Black "Siekanska, Maria"]
[Result "0-1"]
[WhiteElo "2021"]
[BlackElo "1385"]
[PlyCount "74"]
[EventDate "2018.01.20"]

1. e4 c5 2. Nc3 e6 3. g3 d6 4. Bg2 Nf6 5. d3 Be7 6. Nge2 O-O 7. O-O Nc6 8. f4
d5 9. e5 Nd7 10. Kh1 f6 11. exf6 Nxf6 12. Ng1 Qc7 13. Re1 a6 14. a4 d4 15. Ne4
e5 16. fxe5 Nxe4 17. Bxe4 Nxe5 18. Bf4 Rxf4 19. gxf4 Ng4 20. Rf1 Ne3 21. Qh5 g6
22. Qe5 Qxe5 23. fxe5 Nxf1 24. Bd5+ Kg7 25. Rxf1 Bf5 26. Bxb7 Rb8 27. Bxa6 Rxb2
28. Rf2 Bh4 29. Re2 Bd7 30. Nf3 Be7 31. a5 Ra2 32. Bb7 Rxa5 33. Bd5 g5 34. Nxg5
Bxg5 35. Rg2 Ra1+ 36. Rg1 Rxg1+ 37. Kxg1 Ba4 0-1

[Event "Open Marianske Lazne 2018 - C"]
[Site "Marianske Lazne (CZE)"]
[Date "2018.01.20"]
[Round "1"]
[White "Bednarczyk, Mateusz"]
[Black "Kamieniecki, Tomasz"]
[Result "1-0"]
[WhiteElo "1264"]
[BlackElo "1975"]
[PlyCount "71"]
[EventDate "2018.01.20"]

1. e4 g6 2. d4 Bg7 3. Nc3 d6 4. f4 Nf6 5. Nf3 O-O 6. Be2 Nbd7 7. O-O c5 8. Kh1
cxd4 9. Nxd4 a6 10. Bf3 Qc7 11. Be3 Rb8 12. Qd2 b5 13. Rae1 b4 14. Nd1 e5 15.
Ne2 Bb7 16. Ng3 Rfc8 17. c3 a5 18. cxb4 axb4 19. Nf2 Ba6 20. Rc1 Qa5 21. Rxc8+
Rxc8 22. Rd1 exf4 23. Bxf4 Ne5 24. Bxe5 dxe5 25. a3 Bf8 26. axb4 Bxb4 27. Qg5
Ne8 28. Ng4 Bf8 29. Nh5 h6 30. Nhf6+ Nxf6 31. Qxf6 Bg7 32. Qd6 h5 33. Nf6+ Kh8
34. Nd5 Rc2 35. Nb4 Bf8 36. Qxf8+ 1-0

[Event "Open Marianske Lazne 2018 - D"]
[Site "Marianske Lazne (CZE)"]
[Date "2018.01.20"]
[Round "1"]
[White "Kasik, Miroslav"]
[Black "Baum, Bernd"]
[Result "0-1"]
[WhiteElo "1775"]
[BlackElo "2314"]
[PlyCount "60"]
[EventDate "2018.01.20"]

1. e4 c5 2. Nf3 Nc6 3. d4 cxd4 4. Nxd4 g6 5. Be3 Bg7 6. c3 Nf6 7. Nxc6 bxc6 8.
f3 O-O 9. Nd2 d5 10. Bd3 Qc7 11. Qc2 Rb8 12. O-O e5 13. b3 Rd8 14. Rfd1 Nh5 15.
g3 Bh3 16. Rac1 Qe7 17. Bf1 Bxf1 18. Rxf1 Rd7 19. Rcd1 Rbd8 20. Kg2 Bf6 21. g4
Ng7 22. exd5 cxd5 23. Bf2 Bh4 24. Rfe1 Bxf2 25. Kxf2 f5 26. h3 Qh4+ 27. Kg2 Ne6
28. Rh1 Nf4+ 29. Kf1 fxg4 30. fxg4 e4 0-1

[Event "Open Marianske Lazne 2018 - D"]
[Site "Marianske Lazne (CZE)"]
[Date "2018.01.20"]
[Round "1"]
[White "Stigar, Petter"]
[Black "Berka, Lubos"]
[Result "1-0"]
[WhiteElo "2211"]
[BlackElo "1766"]
[PlyCount "57"]
[EventDate "2018.01.20"]

1. d4 Nf6 2. Nf3 g6 3. c4 Bg7 4. g3 O-O 5. Bg2 d5 6. cxd5 Nxd5 7. O-O c6 8. e4
Nb6 9. h3 Be6 10. Nc3 h6 11. Bf4 Qc8 12. Kh2 Rd8 13. Qc1 g5 14. Be3 Nc4 15. Rd1
Nxe3 16. Qxe3 g4 17. Ng1 gxh3 18. Nxh3 Bg4 19. f3 Bh5 20. Nf4 Bg6 21. Nxg6 fxg6
22. Bh3 Qc7 23. e5 Nd7 24. f4 Qb6 25. Qe2 Kh7 26. f5 g5 27. f6 exf6 28. e6 Re8
29. Qc2+ 1-0

[Event "Open Marianske Lazne 2018 - D"]
[Site "Marianske Lazne (CZE)"]
[Date "2018.01.20"]
[Round "1"]
[White "Ruzicka, Tomas"]
[Black "Bartos, Jan"]
[Result "1/2-1/2"]
[WhiteElo "1762"]
[BlackElo "2197"]
[PlyCount "49"]
[EventDate "2018.01.20"]

1. e4 g6 2. f4 Bg7 3. Nf3 d5 4. e5 Nh6 5. d4 O-O 6. Bd3 Bf5 7. O-O Bxd3 8. Qxd3
c6 9. Nc3 Na6 10. a3 Qd7 11. Ne2 Rac8 12. Ng3 f6 13. Nh4 fxe5 14. fxe5 Rxf1+
15. Kxf1 c5 16. Bxh6 Bxh6 17. c3 cxd4 18. cxd4 Qc6 19. Re1 Nc7 20. Kg1 Ne6 21.
Nxg6 hxg6 22. Qxg6+ Bg7 23. Nf5 Qd7 24. Nh6+ Kh8 25. Nf7+ 1/2-1/2

[Event "Open Marianske Lazne 2018 - D"]
[Site "Marianske Lazne (CZE)"]
[Date "2018.01.20"]
[Round "1"]
[White "Svec, Jan"]
[Black "Kozak, Milos"]
[Result "0-1"]
[WhiteElo "1745"]
[BlackElo "2111"]
[PlyCount "77"]
[EventDate "2018.01.20"]

1. d4 Nf6 2. c4 e6 3. Nc3 Bb4 4. Qc2 O-O 5. Nf3 d6 6. a3 Bxc3+ 7. Qxc3 b6 8. g3
Bb7 9. Bg2 Nbd7 10. O-O Qe7 11. Bg5 h6 12. Bxf6 Nxf6 13. Rfe1 c5 14. dxc5 bxc5
15. Nd2 Bxg2 16. Kxg2 a5 17. Rab1 a4 18. e4 e5 19. Re3 Rfb8 20. f3 Rb6 21. b4
axb3 22. Rxb3 Rxb3 23. Qxb3 Qa7 24. Rd3 Rb8 25. Qc2 Ne8 26. Rb3 Rxb3 27. Qxb3
Nc7 28. Kf2 Ne6 29. h4 Nd4 30. Qb2 g6 31. Kg2 Kg7 32. f4 exf4 33. gxf4 Qe7 34.
Kg3 Qf6 35. Qb1 Ne2+ 36. Kf2 Nc3 37. Qd3 Qxf4+ 38. Kg1 Nd1 39. Qf3 0-1

[Event "Open Marianske Lazne 2018 - D"]
[Site "Marianske Lazne (CZE)"]
[Date "2018.01.20"]
[Round "1"]
[White "Jeute, Peter"]
[Black "Jesensky, Jaromir"]
[Result "1-0"]
[WhiteElo "1946"]
[BlackElo "1557"]
[PlyCount "67"]
[EventDate "2018.01.20"]

1. d4 d5 2. Nf3 Nf6 3. e3 c6 4. Bd3 e6 5. O-O Nbd7 6. Nbd2 Bd6 7. e4 dxe4 8.
Nxe4 Nxe4 9. Bxe4 O-O 10. Re1 Qc7 11. h3 Bf4 12. Qe2 Bxc1 13. Raxc1 Re8 14.
Rcd1 Nf6 15. Bd3 b6 16. Ne5 Bb7 17. c3 c5 18. dxc5 Qxc5 19. Bc2 Bd5 20. c4 Bb7
21. b3 Rad8 22. Kh1 Rd6 23. Rxd6 Qxd6 24. Rd1 Qc7 25. Qe3 Rd8 26. Rxd8+ Qxd8
27. f3 h6 28. Kg1 Nd7 29. Qd3 Qg5 30. Nxd7 g6 31. Bd1 Qg3 32. Nf6+ Kg7 33. Ng4
h5 34. Qd4+ 1-0

[Event "Open Marianske Lazne 2018 - A + B"]
[Site "?"]
[Date "2018.01.20"]
[Round "1"]
[White "Chekletsov, Ilya"]
[Black "Kulkarni, Bhakti"]
[Result "1-0"]
[WhiteElo "2373"]
[BlackElo "2306"]
[PlyCount "83"]
[EventDate "2018.??.??"]

1. d4 d5 2. c4 c6 3. Nf3 Nf6 4. Qc2 e6 5. g3 Nbd7 6. Bg2 Be7 7. O-O O-O 8. Nbd2
b6 9. e4 Bb7 10. e5 Ne8 11. cxd5 cxd5 12. Re1 Rc8 13. Qa4 a5 14. Bf1 Bc6 15.
Qd1 Nc7 16. Bd3 b5 17. Bb1 Na8 18. Nf1 Re8 19. h4 Nf8 20. Qd3 Bb4 21. Rd1 f5
22. Ne3 Be7 23. Ng2 b4 24. Bg5 Qd7 25. Qe2 Ba4 26. Re1 Bxg5 27. Nxg5 Qa7 28.
Nf3 Re7 29. Bd3 Rec7 30. Nf4 Bc2 31. Rec1 Bxd3 32. Nxd3 Qa6 33. Qd2 Rxc1+ 34.
Rxc1 Rxc1+ 35. Nxc1 Nd7 36. Qg5 Qc8 37. Nd3 Kf8 38. Qh5 h6 39. Ng5 Qe8 40.
Qxe8+ Kxe8 41. Nxe6 Kf7 42. Nd8+ 1-0

[Event "Open Marianske Lazne 2018 - A + B"]
[Site "?"]
[Date "2018.01.20"]
[Round "1"]
[White "Yurtseven, Melih"]
[Black "Pacher, Milan"]
[Result "1-0"]
[WhiteElo "2404"]
[BlackElo "2444"]
[PlyCount "87"]
[EventDate "2018.??.??"]

1. Nf3 Nf6 2. g3 b6 3. Bg2 Bb7 4. O-O c5 5. d3 d5 6. e4 dxe4 7. dxe4 Qxd1 8.
Rxd1 Bxe4 9. Nc3 Bc6 10. Ne5 Bxg2 11. Nb5 Na6 12. Kxg2 g6 13. Nc6 Bg7 14. c3 h5
15. Bg5 h4 16. Bxh4 Rh5 17. Bxf6 Bxf6 18. g4 Rg5 19. h3 c4 20. Ncxa7 Rc5 21. b4
Re5 22. a4 Kf8 23. Ra2 Kg7 24. Rd7 Re1 25. Rb7 Rb8 26. Rxb8 Nxb8 27. Nc8 Re6
28. f4 Bh4 29. Kf3 Rc6 30. Nca7 Rf6 31. Re2 Bg5 32. Re4 e5 33. Rxc4 Bxf4 34.
Ke2 Bg3 35. Rc7 Rf2+ 36. Ke3 Rf1 37. Rb7 Na6 38. Nd6 Kg8 39. Ne4 Bf4+ 40. Ke2
Ra1 41. Rxb6 Rxa4 42. Rb7 Ra2+ 43. Kf3 Ra3 44. Nb5 1-0

[Event "Open Marianske Lazne 2018 - A + B"]
[Site "?"]
[Date "2018.01.20"]
[Round "1"]
[White "Liu, Yi"]
[Black "Miesbauer, Jan"]
[Result "1-0"]
[WhiteElo "2337"]
[BlackElo "2276"]
[PlyCount "67"]
[EventDate "2018.??.??"]

1. d4 Nf6 2. c4 g6 3. Nc3 Bg7 4. e4 d6 5. Nf3 O-O 6. Be2 e5 7. O-O Nbd7 8. d5
Nc5 9. Qc2 a5 10. Bg5 h6 11. Be3 Ng4 12. Bxc5 dxc5 13. h3 Nf6 14. Nxe5 Nxd5 15.
cxd5 Bxe5 16. f4 Bd4+ 17. Kh2 Qh4 18. Qd3 c6 19. dxc6 bxc6 20. Rac1 Rb8 21. b3
Rb4 22. Qf3 Be6 23. Na4 Qe7 24. Rfd1 f5 25. exf5 Rxf5 26. Qxc6 Kg7 27. Bf3 Qf7
28. Nxc5 Bxc5 29. Rxc5 Rxc5 30. Qxc5 Rxf4 31. Qxa5 Bxh3 32. Qe5+ Qf6 33. Qxf6+
Rxf6 34. Kxh3 1-0

[Event "Open Marianske Lazne 2018 - A + B"]
[Site "?"]
[Date "2018.01.20"]
[Round "1"]
[White "Popov, Mikhail"]
[Black "Lizak, Peter"]
[Result "1/2-1/2"]
[WhiteElo "2416"]
[BlackElo "2458"]
[PlyCount "101"]
[EventDate "2018.??.??"]

1. d4 e6 2. Nf3 b6 3. g3 Bb7 4. Bg2 f5 5. O-O Nf6 6. c4 Be7 7. d5 Na6 8. Nd4
Qc8 9. dxe6 Bxg2 10. Kxg2 dxe6 11. Qa4+ Qd7 12. Qxd7+ Kxd7 13. Rd1 Bd6 14. Nc3
Nb8 15. Ndb5 Kc6 16. Nxd6 cxd6 17. Nb5 Ne8 18. b3 a6 19. Nd4+ Kd7 20. Ba3 Nc6
21. Nf3 Ke7 22. e4 fxe4 23. Ng5 e5 24. Rd5 b5 25. Nxe4 b4 26. Bb2 Nf6 27. Nxf6
gxf6 28. c5 Rhd8 29. Rc1 Ke6 30. Rxd6+ Rxd6 31. cxd6 Kxd6 32. Kf3 f5 33. Ke3 a5
34. Rd1+ Ke6 35. f4 e4 36. Rc1 Kd5 37. Rd1+ Ke6 38. Rc1 Ne7 39. Rc5 a4 40. Re5+
Kd6 41. g4 axb3 42. axb3 Ra2 43. gxf5 Rxb2 44. f6 Rxb3+ 45. Kxe4 Ng6 46. f7 Rc3
47. f5 Rc4+ 48. Ke3 Rc3+ 49. Kd4 Rc4+ 50. Ke3 Rc3+ 51. Kd4 1/2-1/2

[Event "Open Marianske Lazne 2018 - A + B"]
[Site "?"]
[Date "2018.01.20"]
[Round "1"]
[White "Neuman, Petr"]
[Black "Yeritsyan, Aram"]
[Result "1/2-1/2"]
[WhiteElo "2452"]
[BlackElo "2309"]
[PlyCount "21"]
[EventDate "2018.??.??"]

1. d4 Nf6 2. Bg5 Ne4 3. Bf4 d5 4. e3 c5 5. Bd3 Nf6 6. c3 Nc6 7. Nd2 Bg4 8. Ngf3
e6 9. h3 Bh5 10. O-O cxd4 11. cxd4 1/2-1/2

[Event "Open Marianske Lazne 2018 - A + B"]
[Site "?"]
[Date "2018.01.20"]
[Round "1"]
[White "Stocek, Jiri"]
[Black "Janik, Igor"]
[Result "1-0"]
[WhiteElo "2566"]
[BlackElo "2411"]
[PlyCount "169"]
[EventDate "2018.??.??"]

1. c4 e5 2. Nc3 Nf6 3. Nf3 Nc6 4. a3 d5 5. cxd5 Nxd5 6. Qc2 Be6 7. e3 a6 8. Ne4
h6 9. b4 f5 10. Nc5 Bxc5 11. Qxc5 e4 12. Ng1 Qe7 13. Qxe7+ Ndxe7 14. Bb2 O-O
15. d3 exd3 16. Bxd3 Rad8 17. O-O-O Rd6 18. Nf3 Rfd8 19. Be2 Kf7 20. Rxd6 Rxd6
21. Nd2 Bd5 22. Rd1 g6 23. g4 Be6 24. h3 Nc8 25. Rg1 Nb6 26. Bd1 Ne7 27. Bc2
Ke8 28. Bg7 h5 29. gxh5 gxh5 30. Bd4 f4 31. Bc5 fxe3 32. fxe3 Rc6 33. Rg5 Bf7
34. Nf3 Nd7 35. Ne5 Nxe5 36. Rxe5 Re6 37. Rg5 Rf6 38. Bd1 h4 39. e4 b6 40. Be3
Rc6+ 41. Kb2 Re6 42. Bc2 Ng6 43. Bd4 Nf4 44. Rg4 Nxh3 45. Be3 Rf6 46. Rxh4 Rf3
47. Bd2 Nf2 48. Bg5 Kd7 49. Rh7 Kc8 50. e5 Bd5 51. Re7 Nd3+ 52. Bxd3 Rxd3 53.
e6 Rd4 54. Rd7 c5 55. bxc5 bxc5 56. Rd8+ Kc7 57. e7 Bc6 58. e8=Q Bxe8 59. Rxe8
Kb6 60. Kc3 Rd6 61. Rb8+ Ka7 62. Rb1 Rb6 63. Rf1 Re6 64. Kc4 Re5 65. Bf4 Rh5
66. Be3 Rh7 67. Kxc5 Rc7+ 68. Kd6+ Kb7 69. Rb1+ Kc8 70. Bf4 Rf7 71. Be5 Rb7 72.
Rc1+ Kb8 73. Kc6+ Ka7 74. Bd4+ Ka8 75. Rh1 Rb8 76. Rh7 Rc8+ 77. Kb6 Rb8+ 78.
Kxa6 Rb7 79. Rh8+ Rb8 80. Rh5 Rb7 81. Bc5 Rb8 82. Bb6 Rb7 83. Kb5 Rb8 84. Kc6
Rb7 85. Rg5 1-0

[Event "Open Marianske Lazne 2018 - A + B"]
[Site "?"]
[Date "2018.01.20"]
[Round "1"]
[White "Stefansson, Hannes"]
[Black "Nguyen, Thai Dai Van"]
[Result "1-0"]
[WhiteElo "2523"]
[BlackElo "2510"]
[PlyCount "83"]
[EventDate "2018.??.??"]

1. d4 Nf6 2. c4 g6 3. g3 Bg7 4. Bg2 c5 5. Nf3 Qa5+ 6. Qd2 Qxd2+ 7. Nbxd2 cxd4
8. Nxd4 Nc6 9. N2b3 Nxd4 10. Nxd4 d6 11. O-O O-O 12. Rd1 Rb8 13. Bd2 Bd7 14.
Rac1 Rfc8 15. b3 Ng4 16. Bb4 Ne5 17. c5 Nc6 18. Nxc6 bxc6 19. cxd6 Rxb4 20.
dxe7 Be8 21. Rxc6 Rxc6 22. Bxc6 Rd4 23. Rc1 Bf6 24. Bxe8 Re4 25. Bc6 Rxe7 26.
e4 Bd4 27. Kg2 a5 28. Bd5 Kg7 29. f4 Ra7 30. Kf3 Bb6 31. e5 Rc7 32. Rxc7 Bxc7
33. a3 g5 34. Ke4 gxf4 35. gxf4 f6 36. Kf5 fxe5 37. fxe5 Kf8 38. Ke6 h5 39. h4
Bd8 40. b4 axb4 41. axb4 Bxh4 42. Kd7 1-0

[Event "Open Marianske Lazne 2018 - A + B"]
[Site "?"]
[Date "2018.01.20"]
[Round "1"]
[White "Low, Zhen Yu Cyrus"]
[Black "Sari, Yasin"]
[Result "1-0"]
[WhiteElo "2437"]
[BlackElo "2309"]
[PlyCount "163"]
[EventDate "2018.??.??"]

1. e4 Nf6 2. e5 Nd5 3. d4 d6 4. c4 Nb6 5. exd6 exd6 6. Nc3 Be7 7. Bd3 Nc6 8.
Nge2 O-O 9. O-O Re8 10. Be3 Nb4 11. b3 a5 12. Be4 d5 13. cxd5 N4xd5 14. Qc2 Nf6
15. Bf3 c6 16. Rad1 Bg4 17. Bxg4 Nxg4 18. d5 Nxd5 19. Nxd5 cxd5 20. Qf5 Nxe3
21. fxe3 Bf6 22. Nf4 g6 23. Qd3 Be5 24. Nxd5 Qh4 25. h3 a4 26. Nb6 Rad8 27. Qc4
Qxc4 28. Nxc4 Rxd1 29. Rxd1 b5 30. Nb6 axb3 31. axb3 Bb2 32. Kf2 Re6 33. Nd5
Be5 34. Rc1 Bd6 35. Rc6 Kg7 36. Rb6 b4 37. Kf3 h5 38. Rb7 Re8 39. Nxb4 Bxb4 40.
Rxb4 Ra8 41. Rb7 Ra1 42. b4 Rf1+ 43. Ke2 Rg1 44. Kf2 Rb1 45. Kf3 Rf1+ 46. Kg3
Re1 47. Re7 Kf6 48. Kf2 Rb1 49. Re4 Rb2+ 50. Kf3 Rb1 51. g4 hxg4+ 52. hxg4 Kg5
53. Rc4 f5 54. gxf5 Kxf5 55. Rc5+ Kf6 56. b5 g5 57. e4 Rb4 58. Ke3 g4 59. Rf5+
Kg6 60. Kf4 g3 61. Kxg3 Rxe4 62. Rf4 Re7 63. Kg4 Rb7 64. Rf5 Rb8 65. Kf4 Rb7
66. Ke4 Rb8 67. Rd5 Kf6 68. Kd4 Ke6 69. Kc4 Rc8+ 70. Rc5 Kd7 71. b6 Rb8 72. Kb5
Kd6 73. Rc1 Kd7 74. Ka6 Ra8+ 75. Kb7 Ra4 76. Kb8 Kd8 77. Rd1+ Ke7 78. b7 Ke6
79. Kc7 Rc4+ 80. Kb6 Rb4+ 81. Kc6 Rb2 82. Re1+ 1-0

[Event "Open Marianske Lazne 2018 - A + B"]
[Site "?"]
[Date "2018.01.20"]
[Round "1"]
[White "Navrodskiy, Boris"]
[Black "Pena Gomez, Manuel"]
[Result "1-0"]
[WhiteElo "2101"]
[BlackElo "2491"]
[PlyCount "115"]
[EventDate "2018.??.??"]

1. d4 Nf6 2. c4 e6 3. Nf3 c5 4. g3 cxd4 5. Nxd4 d5 6. Bg2 e5 7. Nf3 d4 8. O-O
Nc6 9. e3 Be7 10. exd4 exd4 11. a3 a5 12. b3 O-O 13. Bb2 Bc5 14. b4 axb4 15.
axb4 Rxa1 16. Bxa1 Nxb4 17. Nxd4 Qb6 18. Nb3 Rd8 19. N1d2 Bf8 20. Qb1 Nd3 21.
h3 Bf5 22. Nd4 Qxb1 23. Rxb1 Bc8 24. Bxb7 Bxh3 25. Ne4 Nxe4 26. Bxe4 Ne5 27.
Bd5 Bg4 28. Kg2 Rc8 29. Rc1 Nd3 30. Rc3 Nb4 31. Be4 g6 32. Rc1 Bd7 33. Nb3 Be6
34. Nd2 f5 35. Bf3 Bh6 36. Rd1 Nd3 37. Bc3 Rd8 38. Ba5 Rd7 39. Bc3 Kf7 40. Be2
Bg5 41. Nf3 Bf6 42. Bxf6 Bxc4 43. Rxd3 Bxd3 44. Ne5+ Ke6 45. Bxd3 Rc7 46. Bh8
Rc8 47. Bc4+ Ke7 48. Bg7 g5 49. Bb3 Rc7 50. Nf3 Rb7 51. Bc2 f4 52. g4 Rc7 53.
Bd3 h5 54. gxh5 g4 55. h6 gxf3+ 56. Kxf3 Kf7 57. Be5 Rd7 58. Bf5 1-0

[Event "Open Marianske Lazne 2018 - A + B"]
[Site "?"]
[Date "2018.01.20"]
[Round "1"]
[White "German, Nikita"]
[Black "Varitski, Igor"]
[Result "1-0"]
[WhiteElo "2229"]
[BlackElo "2246"]
[PlyCount "67"]
[EventDate "2018.??.??"]

1. e4 c6 2. d4 d5 3. Nc3 dxe4 4. Nxe4 Bf5 5. Ng3 Bg6 6. h4 h6 7. Nf3 Nd7 8. h5
Bh7 9. Bd3 Bxd3 10. Qxd3 e6 11. Bd2 Ngf6 12. O-O-O Be7 13. Ne4 Nxe4 14. Qxe4
Nf6 15. Qe2 Qd5 16. Kb1 Qe4 17. Be3 Nd5 18. Nd2 Qh7 19. g4 a5 20. Nc4 a4 21. a3
O-O 22. Rdg1 b5 23. Ne5 b4 24. g5 Bxg5 25. Bxg5 hxg5 26. axb4 Nxb4 27. h6 a3
28. hxg7 Qxg7 29. f4 axb2 30. Rxg5 Qxg5 31. fxg5 Ra1+ 32. Kxb2 Rxh1 33. g6 f6
34. Nd7 1-0

[Event "Open Marianske Lazne 2018 - A + B"]
[Site "?"]
[Date "2018.01.20"]
[Round "1"]
[White "Plischki, Sebastian"]
[Black "Kubicka, Anna"]
[Result "1-0"]
[WhiteElo "2395"]
[BlackElo "2256"]
[PlyCount "77"]
[EventDate "2018.??.??"]

1. Nf3 Nf6 2. c4 g6 3. g3 Bg7 4. d4 d6 5. Bg2 O-O 6. O-O Nbd7 7. Nc3 e5 8. e4
c6 9. Be3 Re8 10. h3 Qc7 11. Qc2 a5 12. Rad1 exd4 13. Nxd4 Nc5 14. Nb3 Nxb3 15.
axb3 Nd7 16. Rd2 Nc5 17. Na4 Nxa4 18. bxa4 Be6 19. Kh2 Rad8 20. Bd4 Bxd4 21.
Rxd4 Rd7 22. Rfd1 Red8 23. f4 f5 24. b3 Qb6 25. exf5 Bxf5 26. Qb2 Qc7 27. Qc3
Re7 28. g4 Bc8 29. Qg3 Rde8 30. R1d3 d5 31. cxd5 cxd5 32. Rxd5 Re2 33. f5 Qe7
34. Rd2 Re3 35. Qf4 Rxb3 36. f6 Qf7 37. Re5 Rb6 38. Rxe8+ Qxe8 39. Qc7 1-0

[Event "Open Marianske Lazne 2018 - A + B"]
[Site "?"]
[Date "2018.01.20"]
[Round "1"]
[White "Kochukova, Anna"]
[Black "Rosko, Lubos"]
[Result "0-1"]
[WhiteElo "2110"]
[BlackElo "2301"]
[PlyCount "120"]
[EventDate "2018.??.??"]

1. e4 c5 2. Nf3 d6 3. d4 cxd4 4. Nxd4 Nf6 5. Nc3 Nc6 6. f3 e5 7. Nb3 Be6 8. Nd5
Be7 9. Be3 Bxd5 10. exd5 Nb4 11. c4 a5 12. Qd2 b6 13. Be2 O-O 14. O-O Nh5 15.
a3 Na6 16. f4 Nxf4 17. Bxf4 exf4 18. Qxf4 Bg5 19. Qg4 Nc5 20. Nxc5 bxc5 21. b3
Qe7 22. Kh1 Rab8 23. Bd1 f5 24. Qf3 Bf6 25. Ra2 Be5 26. Re2 a4 27. Qd3 axb3 28.
Bxb3 Qh4 29. h3 g6 30. a4 Qd4 31. Qxd4 cxd4 32. Rf3 Rfc8 33. Kg1 Rb4 34. Rd3
Rcb8 35. Bd1 Rxc4 36. Kf2 Rc3 37. Rxc3 dxc3 38. Bc2 Kf7 39. Bd3 Bd4+ 40. Kf3
Rb3 41. Bc2 Ra3 42. g4 Be5 43. gxf5 gxf5 44. Ke3 Kf6 45. Rf2 f4+ 46. Kf3 Ra1
47. Bxh7 Rxa4 48. h4 Ra1 49. h5 Rh1 50. Bg6 Rh3+ 51. Kg2 Rg3+ 52. Kf1 Rg4 53.
Be4 Rh4 54. Bg6 Bd4 55. Rf3 Ke5 56. Ke1 Rh2 57. Kd1 Be3 58. h6 Rxh6 59. Bc2 Rh2
60. Bb3 Rd2+ 0-1

[Event "Open Marianske Lazne 2018 - A + B"]
[Site "?"]
[Date "2018.01.20"]
[Round "1"]
[White "Csiki, Endre"]
[Black "Solozhenkin, Evgeniy"]
[Result "1-0"]
[WhiteElo "2093"]
[BlackElo "2451"]
[PlyCount "105"]
[EventDate "2018.??.??"]

1. e4 c5 2. Nf3 e6 3. d4 cxd4 4. Nxd4 a6 5. Bd3 Bc5 6. Nb3 Be7 7. O-O d6 8. c4
Nf6 9. Nc3 Qc7 10. Qe2 Nbd7 11. f4 b6 12. Bd2 Bb7 13. Rae1 Rd8 14. Kh1 O-O 15.
Nd4 Rfe8 16. Nf3 Nc5 17. Bc2 h6 18. b4 Ncd7 19. a3 Rc8 20. Bd3 Red8 21. Rc1 Qb8
22. Be3 Re8 23. Bg1 Qa8 24. Nd2 Bd8 25. h3 Bc7 26. Bh2 d5 27. e5 dxc4 28. Nxc4
Nd5 29. Ne4 b5 30. Ncd6 Bxd6 31. Nxd6 Rxc1 32. Rxc1 Re7 33. Qe4 Nf8 34. Nxb7
Qxb7 35. Bg1 Ng6 36. g3 Re8 37. Kh2 Rd8 38. Bc5 Qd7 39. Bd6 Nf8 40. Rc5 Nf6 41.
Qc6 Ne8 42. Qxa6 Nxd6 43. exd6 Qxd6 44. Qxd6 Rxd6 45. Bxb5 Rd2+ 46. Kg1 Ra2 47.
a4 Rb2 48. Rc4 Ng6 49. a5 Ne7 50. a6 Ra2 51. Rc5 Nd5 52. Bd3 Kf8 53. Ra5 1-0

[Event "Open Marianske Lazne 2018 - A + B"]
[Site "?"]
[Date "2018.01.20"]
[Round "1"]
[White "Turner, Jan"]
[Black "Chudinovskikh, Alexander M"]
[Result "1/2-1/2"]
[WhiteElo "2368"]
[BlackElo "2225"]
[PlyCount "22"]
[EventDate "2018.??.??"]

1. b3 e5 2. Bb2 Nc6 3. e3 Nf6 4. Bb5 Bd6 5. Na3 a6 6. Be2 Be7 7. Nc4 e4 8. d4
O-O 9. Nh3 d5 10. Ne5 Bb4+ 11. c3 Bd6 1/2-1/2